00357nam a2200133 a 45000010010000000030011000100080041000210350026000620820014000881000021001022450055001232600027001786500018002050000-8781ELIB.Books110520 1976  a(ELIB.Books)0000-8927 a221 bHin aHinson, David F. aTheology of the Old Testament (O.T Introduction 3) bLondon: S.P.C.K c1976 aOld Testament